Giải mã Kinh tế - Đầu tư - Gia đình

Tên sách tiếng Anh: Decoded Economic - Investing - Family; Cuốn sách được chia làm ba phần, có thể đọc không theo thứ tự: Tư duy hiệu quả nhất khi phân tích đầu tư nói chung; Cách hiểu dễ nhất về sự phát triển của các guồng máy kinh tế tại Châ...

সম্পূর্ণ বিবরণ

সংরক্ষণ করুন:
গ্রন্থ-পঞ্জীর বিবরন
প্রধান লেখক: Peter Pham
অন্যান্য লেখক: Lê, Hoài Ân
বিন্যাস: গ্রন্থ
ভাষা:Undetermined
প্রকাশিত: H. Hồng Đức 2019
বিষয়গুলি:
অনলাইন ব্যবহার করুন:http://lrc.tdmu.edu.vn/opac/search/detail.asp?aID=2&ID=41342
ট্যাগগুলো: ট্যাগ যুক্ত করুন
কোনো ট্যাগ নেই, প্রথমজন হিসাবে ট্যাগ করুন!
Thư viện lưu trữ: Trung tâm Học liệu Trường Đại học Thủ Dầu Một
LEADER 01211nam a2200229Ia 4500
001 TDMU_41342
008 210410s9999 xx 000 0 und d
082 |a 657.9 
090 |b P207 
100 |a Peter Pham 
245 0 |a Giải mã 
245 0 |b Kinh tế - Đầu tư - Gia đình 
245 0 |c Peter Pham ; Lê Hoài Ân dịch 
260 |a H. 
260 |b Hồng Đức 
260 |c 2019 
300 |a 331tr. 
520 |a Tên sách tiếng Anh: Decoded Economic - Investing - Family; Cuốn sách được chia làm ba phần, có thể đọc không theo thứ tự: Tư duy hiệu quả nhất khi phân tích đầu tư nói chung; Cách hiểu dễ nhất về sự phát triển của các guồng máy kinh tế tại Châu Á và Việt Nam; Làm thế nào để hưởng lợi từ nợ và sự phát triển kinh tế của khu vực. 
650 |a Kinh tế học tài chính; Tài chính  |x Đầu tư 
700 |a Lê, Hoài Ân 
856 |u http://lrc.tdmu.edu.vn/opac/search/detail.asp?aID=2&ID=41342 
980 |a Trung tâm Học liệu Trường Đại học Thủ Dầu Một